Martín Fierro /

Al elegir un personaje como Martín Fierro, quiso José Hernández mostrar qué elementos de la sociedad argentina podían convertir a un gaucho honesto en descastado, en un bandido. La brutalidad de la vida militar, la rapacidad de los políticos, el peligro de la lucha con los indios, transforman al pro...

Descripción completa

Guardado en:
Autor Principal: Hernández, José.
Formato: Libro
Idioma:Undetermined
Publicado: Buenos Aires : Libertador, 2006.
Edición:1a ed.
Materias:
Etiquetas: Agregar Etiqueta
Sin Etiquetas, Sea el primero en etiquetar este registro!
LEADER 01080nam a22002295a 4500
001 CEM.cems025222
008 260617s2006####ag############000#0#und#d
005 20260617161702.0
245 1 0 |a Martín Fierro /  |c José Hernández. 
250 |a 1a ed. 
260 |a Buenos Aires :  |b Libertador,  |c 2006. 
300 |a 222 p. 
500 |a Glosario p. 217. 
505 0 |a Parte I: El gaucho Martín Fierro -- Parte II: La vuelta del Martín Fierro 
520 |a Al elegir un personaje como Martín Fierro, quiso José Hernández mostrar qué elementos de la sociedad argentina podían convertir a un gaucho honesto en descastado, en un bandido. La brutalidad de la vida militar, la rapacidad de los políticos, el peligro de la lucha con los indios, transforman al protagonista en una fiera solitaria, sin mujer, sin hijos, sin hogar. 
020 |a 9871269280 
100 1 |a Hernández, José. 
653 |a Poesía argentina 
653 |a Literatura argentina 
653 |a Literatura gauchesca 
653 |a Poesía gauchesca 
859 |a CEMS  |b BIB. CEMS - 11 de abril  |h A861.2  |i H43-17  |p 30828.26  |t Ej.1